حدائق الأحزان : (Record no. 15327)

MARC details
000 -الفاتح
حقل البيانات ثابتة الطول 01032cam a22002655a 4500
003 - محدد رقم الضبط
رقم الضبط OSt
005 - وقت وتاريخ اخر تعامل مع التسجيلة
رقم الضبط 20170927113107.0
008 - عناصر البيانات ثابتة الطول - معلومات عامة
حقل البيانات ثابتة الطول 110519s2008 ua a frb 000 0 aara d
020 ## - الرقم الدولى المعيارى للكتب
الرقم الدولى المعيارى للكتاب 9770915726
040 ## - مصدر الفهرسة
وكالة الفهرسة الأصلية EG-Sb BUE
لغة الفهرسة ara
وكالة النسخ EG-Sb BUE
082 04 - رقم تصنيف ديوى العشرى
رقم التصنيف 320.455
رقم المادة ا ل ل
رقم الطبعة 22
100 1# - المدخل الرئيسى - إسم شخصى
الإسم الشخصى اللباد، مصطفى.
245 10 - بيان العنوان
العنوان حدائق الأحزان :
بقية العنوان إيران وولاية الفقيه /
بيان المسئوليه,etc مصطفى اللباد.
250 ## - بيان الطبعة
بيان الطبعة ط. 3.
260 ## - PUBLICATION, DISTRIBUTION, ETC. (IMPRINT)
مكان الناشر او الموزع القاهرة :
اسم الناشر او الموزع دار الشروق،
تاريخ النشر أو التوزيع 2008.
300 ## - الوصف المادى
التعداد 319 ص. :
تفاصيل ماديه اخرى للوعاء إيض. ؛
أبعاد الوعاء 24 سم.
504 ## - تبصرة ببليوجرافية
تبصرة ببليوجرافية,الخ يشتمل على إرجاعات ببليوجرافية.
590 ## - تبصرة محلية(RLIN)
تبصرة محلية doaa mohamed
650 ## - المدخل الاضافى بالموضوع-مصطلح موضوعى
مصدر الرأس أو المصطلح BUEsh
651 #7 - المدخل الاضافى بالموضوع - اسم جغرافى
الاسم الجغرافي إيران
التقسيم الفرعي العام تاريخ
التقسيم الفرعي الزمني العصر الحديث
-- محمد رضا شاه بهلوى، 1943-1979م.
مصدر الرأس أو المصطلح BUEsh
9 (RLIN) 14936
651 #7 - المدخل الاضافى بالموضوع - اسم جغرافى
الاسم الجغرافي إيران
التقسيم الفرعي العام تاريخ
-- .الثورة الإسلامية
مصدر الرأس أو المصطلح BUEsh
9 (RLIN) 14937
651 #7 - المدخل الاضافى بالموضوع - اسم جغرافى
الاسم الجغرافي إيران
التقسيم الفرعي العام تاريخ
التقسيم الفرعي الزمني أية الله الخمينى.
مصدر الرأس أو المصطلح BUEsh
9 (RLIN) 14938
653 ## - مصطلح تكشيفى غير مقيد
Resource For college Generalities
Arrived date list September2017
942 ## - عناصر المدخل الإضافي( كوها)
مصدر التصنيف او مخطط الترفيف Dewey Decimal Classification
Holdings
حالة التراجع حالة الفقد مصدر التصنيف او خطة الترفيف حالة تلف ليس للاعارة المكان الدائم المكان الحالي موقع الترفيف تاريخ الاكتساب Source of acquisition سعر الشراء الطبيعي تعداد مسلسل / التسلسل الزمني رقم الاستدعاء الباركود Date last seen نوع الوعاء مُعار
    Dewey Decimal Classification     Central Library Central Library First floor 19/05/2011 Purchase 32.00 1 320.455 ا ل ل 000017615 15/07/2025 Book - Borrowing  
    Dewey Decimal Classification     Central Library Central Library First floor 19/05/2011 Purchase     320.455 ا ل ل 000023606 15/07/2025 Book - Borrowing 25/09/2011